| 000 | 00416nam a2200145Ia 4500 | ||
|---|---|---|---|
| 005 | 20250422043843.0 | ||
| 008 | 240331s9999 xx 000 0 und d | ||
| 082 |
_bPAR _a200 |
||
| 100 | _aParamasiven,T | ||
| 245 | 0 | _aSammayamm | |
| 260 |
_aChennai _bThenthisai Pathipakam Pvt Ltd _c2008 |
||
| 300 | _a128 p ., | ||
| 500 | _aSamaiyam Sarntha , Thaaitheiva valippadu nerigal, anbu nerikal padriya puthagam | ||
| 942 | _cL | ||
| 999 |
_c3561 _d3561 |
||